|
|
|
|
| LEADER |
00000nas a2200000 a 4500 |
| 001 |
ssj0000455858 |
| 003 |
WaSeSS |
| 005 |
20200512172242.0 |
| 006 |
m d |
| 007 |
cr n |
| 008 |
110301cuuuu9999kyu|| p|s||||||||||0eng|d |
| 035 |
|
|
|a (WaSeSS)ssj0000455858
|
| 040 |
|
|
|a WaSeSS
|c WaSeSS
|d WaSeSS
|
| 043 |
|
|
|a n-us-ky
|
| 050 |
|
4 |
|a HQ1438.K4
|
| 245 |
0 |
0 |
|a Today's woman
|h [electronic resource].
|
| 260 |
|
|
|a Louisville, Ky. :
|b Today's Woman LLC.
|
| 310 |
|
|
|a Monthly
|
| 506 |
|
|
|a License restrictions may limit access.
|
| 588 |
|
|
|a Description based on: Vol. 9, issue 9 (Sept. 1999); title from volume contents page (ProQuest, viewed Mar. 1, 2011).
|
| 588 |
|
|
|a Latest issue consulted: Vol. 20, issue 11 (Nov. 2010) (viewed Mar. 1, 2011).
|
| 650 |
|
0 |
|a Women
|z Kentucky
|v Periodicals.
|
| 655 |
|
0 |
|a Electronic journals.
|
| 710 |
2 |
|
|a Today's Woman LLC.
|
| 776 |
0 |
8 |
|i Also issued in print:
|t Today's woman
|
| 856 |
4 |
0 |
|z Full text available from Research Library: 09/01/1999 to present
|u https://search.proquest.com/publication/25923
|